[Event "Oravska Priehrada op"]
[Site "Namestovo"]
[Date "2017.08.26"]
[Round "3"]
[White "Juhar, Roman"]
[Black "Gasper, Peter"]
[Result "1/2-1/2"]
[WhiteElo "2170"]
[BlackElo "2040"]
[PlyCount "100"]
[EventDate "2017.08.25"]
[EventType "swiss"]
[EventRounds "7"]
[EventCountry "SVK"]
[SourceTitle "CBM 180 Extra"]
[Source "ChessBase"]
[SourceDate "2017.10.06"]
[SourceVersion "1"]
[SourceVersionDate "2017.10.06"]
[SourceQuality "1"]

1. d4 Nf6 2. c4 e6 3. Nf3 Bb4+ 4. Bd2 a5 5. a3 Bxd2+ 6. Qxd2 d6 7. Nc3 Nbd7 8. e3 0-0 9. Be2 Re8 10. 0-0 e5 11. dxe5 dxe5 12. b4 Qe7 13. Nb5 Nf8 14. bxa5 e4 15. Ne1 Ne6 16. Qb4 Nc5 17. Nc2 Ra6 18. Rfd1 Bg4 19. Bxg4 Nxg4 20. h3 Ne5 21. Qc3 Rg6 22. Ne1 Nf3+ 23. Kf1 Nxe1 24. Rxe1 Qg5 25. g4 Nd3 26. Ke2 Qh4 27. Rf1 Qxh3 28. Nxc7 Qxg4+ 29. Kd2 Rd8 30. Nd5 Qe6 31. Qd4 Ne5 32. Kc3 Nxc4 33. Kxc4 Qc6+ 34. Qc5 Qxc5+ 35. Kxc5 Rc6+ 36. Kb4 Rxd5 37. Rfd1 Rd3 38. Rdc1 Rxc1 39. Rxc1 h5 40. Rc8+ Kh7 41. Rc7 h4 42. Rxb7 h3 43. Ka4 Rd1 44. a6 h2 45. a7 h1Q 46. a8Q Rd5 47. Rb3 Qd1 48. Qe8 f5 49. Kb4 Qd2+ 50. Rc3 Qb2+ 1/2-1/2

[Event "Oravska Priehrada op"]
[Site "Oravska Priehrada"]
[Date "2016.08.27"]
[Round "3"]
[White "Gasper, Peter"]
[Black "Milcova, Zuzana"]
[Result "1/2-1/2"]
[WhiteElo "2056"]
[BlackElo "2002"]
[PlyCount "171"]
[EventDate "2016.08.26"]
[EventType "swiss"]
[EventRounds "7"]
[EventCountry "SVK"]
[SourceTitle "CBM 174 Extra"]
[Source "ChessBase"]
[SourceDate "2016.10.10"]
[SourceVersion "1"]
[SourceVersionDate "2016.10.10"]
[SourceQuality "1"]

1. e4 d5 2. exd5 Nf6 3. Nf3 Nxd5 4. d4 Bg4 5. Be2 e6 6. 0-0 Be7 7. c4 Nb6 8. Be3 0-0 9. h3 Bh5 10. Ne5 Bxe2 11. Qxe2 N8d7 12. Rd1 Qe8 13. Nc3 Nxe5 14. dxe5 Qc6 15. Rd4 Rfd8 16. Rad1 Rxd4 17. Rxd4 Nd7 18. f4 Nb6 19. Qd3 h6 20. Ne4 Qe8 21. c5 Nd5 22. Bc1 Rd8 23. a3 a5 24. Qc4 b5 25. Qc2 Qc6 26. Kh2 Rb8 27. b3 Qa6 28. Ng3 b4 29. f5 Qc6 30. f6 Nxf6 31. exf6 Bxf6 32. Rd1 Be7 33. a4 Qxc5 34. Qxc5 Bxc5 35. Ne4 Bb6 36. Rd7 Kf8 37. Bf4 Rc8 38. Nd2 Ke8 39. Rd3 f6 40. Nc4 Ke7 41. Kg3 g5 42. Be3 f5 43. Kf3 Rb8 44. Bxb6 cxb6 45. Rd6 b5 46. axb5 Rxb5 47. Ra6 Rd5 48. Nxa5 h5 49. Nc6+ Kf6 50. Nxb4 Rb5 51. Ra4 h4 52. Ke3 Rb7 53. Kf3 Rb8 54. Ke3 Rb7 55. Kd3 g4 56. Kc3 gxh3 57. gxh3 Rg7 58. Nd3 Rc7+ 59. Rc4 Re7 60. Rxh4 e5 61. Nc5 Kg5 62. Rh8 Kf4 63. Kd2 e4 64. Rf8 Rh7 65. Ne6+ Ke5 66. Ng5 Rd7+ 67. Ke2 Rb7 68. Re8+ Kf6 69. h4 Rxb3 70. Re6+ Kg7 71. h5 Rb2+ 72. Ke3 Rh2 73. Rg6+ Kh8 74. h6 f4+ 75. Kxe4 Re2+ 76. Kxf4 Rf2+ 77. Ke5 Rf5+ 78. Ke6 Re5+ 79. Kf7 Rf5+ 80. Ke7 Re5+ 81. Ne6 Kh7 82. Rf6 Ra5 83. Nf8+ Kh8 84. Rf7 Ra7+ 85. Kf6 Rxf7+ 86. Kxf7 1/2-1/2

[Event "Oravska Priehrada op"]
[Site "Oravska Priehrada"]
[Date "2016.08.26"]
[Round "1"]
[White "Gasper, Peter"]
[Black "Brnusak, Andrej"]
[Result "1-0"]
[WhiteElo "2056"]
[BlackElo "1622"]
[PlyCount "53"]
[EventDate "2016.08.26"]
[EventType "swiss"]
[EventRounds "7"]
[EventCountry "SVK"]
[SourceTitle "CBM 174 Extra"]
[Source "ChessBase"]
[SourceDate "2016.10.10"]
[SourceVersion "1"]
[SourceVersionDate "2016.10.10"]
[SourceQuality "1"]

1. e4 c5 2. Nc3 e6 3. g3 Nc6 4. Bg2 Nf6 5. d3 Be7 6. Nh3 0-0 7. f4 d6 8. 0-0 Qc7 9. g4 Nd7 10. f5 Nde5 11. g5 exf5 12. exf5 f6 13. g6 hxg6 14. Bd5+ Rf7 15. fxg6 Nxg6 16. Ng5 Nce5 17. Nxf7 Nxf7 18. Qh5 Nge5 19. Bf4 Bg4 20. Bxf7+ Kf8 21. Qh4 Nf3+ 22. Rxf3 Bxf3 23. Bg6 Bd8 24. Qh8+ Ke7 25. Qxg7+ Ke6 26. Re1+ Be2 27. Rxe2# 1-0

[Event "SVK-ch U16"]
[Site "Lubovna"]
[Date "2013.04.12"]
[Round "8"]
[White "Gasper, Peter"]
[Black "Podjavorinsky, Michal"]
[Result "1-0"]
[WhiteElo "1776"]
[BlackElo "1754"]
[PlyCount "57"]
[EventDate "2013.04.06"]
[EventType "swiss"]
[EventRounds "9"]
[EventCountry "SVK"]
[SourceTitle "CBM 153 Extra"]
[Source "ChessBase"]
[SourceDate "2013.04.22"]
[SourceVersion "1"]
[SourceVersionDate "2013.04.22"]
[SourceQuality "1"]

1. d4 Nf6 2. c4 g6 3. Nc3 Bg7 4. e4 d6 5. Nf3 0-0 6. Be2 e5 7. d5 a5 8. 0-0 Na6 9. a3 h6 10. Ne1 Nh7 11. Nd3 Nc5 12. Be3 Nxd3 13. Bxd3 f5 14. f3 Bd7 15. c5 Qe7 16. cxd6 Qxd6 17. Rc1 f4 18. Bf2 Rfd8 19. Qb3 Kh8 20. Nb5 Bxb5 21. Bxb5 b6 22. Rc6 Qe7 23. Rfc1 Ra7 24. Qc4 Rc8 25. Bxb6 cxb6 26. Rxc8+ Bf8 27. Qc6 Ng5 28. Qxg6 Rb7 29. Qxh6+ 1-0

[Event "SVK-ch U16"]
[Site "Lubovna"]
[Date "2013.04.09"]
[Round "5"]
[White "Dudasko, Mario"]
[Black "Gasper, Peter"]
[Result "1-0"]
[WhiteElo "1618"]
[BlackElo "1776"]
[PlyCount "99"]
[EventDate "2013.04.06"]
[EventType "swiss"]
[EventRounds "9"]
[EventCountry "SVK"]
[SourceTitle "CBM 153 Extra"]
[Source "ChessBase"]
[SourceDate "2013.04.22"]
[SourceVersion "1"]
[SourceVersionDate "2013.04.22"]
[SourceQuality "1"]

1. e4 c5 2. Nf3 a6 3. d4 cxd4 4. Nxd4 e6 5. Nc3 Qc7 6. Bd3 Nf6 7. 0-0 Be7 8. Be3 0-0 9. f4 d6 10. Kh1 b5 11. a3 Bb7 12. f5 e5 13. Nb3 d5 14. exd5 Nxd5 15. Nxd5 Bxd5 16. Qg4 Qc6 17. Na5 Qf6 18. Be4 Bxe4 19. Qxe4 Nd7 20. b4 Rac8 21. Rad1 Nb6 22. Bxb6 Qxb6 23. Rd7 Bf6 24. Rfd1 Rc3 25. Nb3 Qf2 26. R7d2 Re3 27. Rxf2 Rxe4 28. Nc5 Rd4 29. Rxd4 exd4 30. Nd7 Bh4 31. Rf4 Rd8 32. Rxd4 f6 33. g3 Kf7 34. gxh4 Ke7 35. Re4+ Kxd7 36. Rd4+ Kc7 37. Rxd8 Kxd8 38. Kg2 Kd7 39. Kf3 Kd6 40. Ke4 Kc6 41. h5 h6 42. h4 Kd6 43. Kd4 Kc6 44. c4 bxc4 45. Kxc4 Kd6 46. Kd4 Kc6 47. a4 Kb6 48. Kd5 Kb7 49. Ke6 Kc6 50. b5+ 1-0